La acumulación inicial de acciones: artículos 17 y 18 del Código de Procedimiento Civil
Gardado en:
| Autor Principal: | |
|---|---|
| Formato: | Libro |
| Idioma: | Lingua castelá |
| Publicado: |
Santiago
Jurídica Conosur
2000
|
| Subjects: | |
| Tags: |
Engadir etiqueta
Sen Etiquetas, Sexa o primeiro en etiquetar este rexistro!
|
MARC
| LEADER | 00000nam a2200000 a 4500 | ||
|---|---|---|---|
| 001 | UCO9275 | ||
| 003 | CL-VaPUC | ||
| 008 | 010125e20000900CL |||||||||||||||||spa|d | ||
| 082 | 0 | 4 | |a 347.83 |b ROM |2 21 |
| 100 | 0 | |a Romero Seguel, Alejandro |e author |9 454331 | |
| 245 | 1 | 3 | |a La acumulación inicial de acciones: artículos 17 y 18 del Código de Procedimiento Civil |
| 300 | |a 159 p | ||
| 942 | |c BK | ||
| 945 | |d 20010125 00:00:00 |a cmena | ||
| 260 | |a Santiago |b Jurídica Conosur |c 2000 | ||
| 650 | 0 | |a Código de procedimiento civil |9 256305 | |
| 650 | 0 | |a Interpretación jurídica |9 380837 | |
| 650 | 0 | |a Bolsa de valores |9 329250 | |
| 650 | 0 | |a Acciones |9 334173 | |
| 583 | |a last modification |c 20160105 12:02:39 |k Rodrigo Vera | ||
| 999 | |c 293537 |d 293535 | ||
| 952 | |0 0 |1 0 |4 0 |6 347_830000000000000_ROM_2000 |7 0 |8 A |9 345117 |a BIBDER |b BIBDER |d 2019-11-20 |i 3658139 |o 347.83 ROM 2000 |p 3658139 |r 2023-01-25 |w 2019-11-20 |y BK |k DER | ||